Lost in transition : Malaysia under Abdullah
| Main Author: | |
|---|---|
| Format: | Book |
| Published: |
Selangor :
SIRD ,
2008
|
| Subjects: |
MARC
| LEADER | 00000cam a2200000 7i4500 | ||
|---|---|---|---|
| 001 | 0000025168 | ||
| 005 | 20090213.0 | ||
| 008 | 090213 | ||
| 020 | |a 9812307699 | ||
| 090 | 0 | 0 | |a 324.2209595 |b OOI |
| 100 | 1 | |a Ooi Kee Beng | |
| 245 | 1 | 0 | |a Lost in transition : |b Malaysia under Abdullah |c Ooi Kee Beng |
| 260 | |a Selangor : |b SIRD , |c 2008 | ||
| 650 | 0 | |a Malaysia |x politics and government | |
| 650 | 0 | |a Political Culture |z Malaysia | |
| 650 | 0 | |a Political leadership |z Malaysia | |
| 999 | |a 0001036580 |b Book |c Adult Collection |e Perbadanan Perpustakaan Awam Johor | ||